| 000 | 02891ncm0a2200529 4500 | ||
|---|---|---|---|
| 001 | RU\NLR\ONIZ\224493 | ||
| 005 | 20260204000000.0 | ||
| 035 | _a(NLR Aleph) 011903561 | ||
| 071 | 2 | 0 | _aМ. 15504 Г. |
| 090 |
_a10896167 _c10896167 |
||
| 100 | _a20181119d1937 u y0rusy50 ca | ||
| 101 | 0 | _arus | |
| 102 | _aRU | ||
| 125 |
_amx _cx |
||
| 135 | _acrmn mmmanaba | ||
| 145 | 0 | _au | |
| 200 | 1 |
_aПесни донских и кубанских казаков _bНоты _e[для хора без сопровождения, с сопровождением фортепиано] _fсоставители: Сергей Бугославский и Иван Шишов |
|
| 210 |
_aМосква _cМузгиз _d1937 |
||
| 215 |
_a109, [1] с. _d26 см |
||
| 300 | _aНа с. 5: предисл. сост. | ||
| 313 | _aСистематизация документа проведена по изданию - Методика классифицирования музыкальных произведений (нотных изданий) по таблицам Библиотечно-библиографических классификаций : метод. рекомендации / Гос. б-ка СССР им. В.И. Ленина.- М., 1977. Индексу ББК методических рекомендаций присваивается код ББК для научных библиотек - LBC/SL | ||
| 325 | _aКопия доступна в Электрон. б-ке РНБ | ||
| 606 | 1 |
_aКазачьи песни _yРоссия _2nlr_sh |
|
| 606 | 1 |
_aРусский музыкальный фольклор. Песни _2nlr_sh |
|
| 606 | 1 |
_aФольклор донких казаков _2nlr_sh |
|
| 606 | 1 |
_aФольклор кубанских казаков _2nlr_sh |
|
| 686 |
_aЩ92(2Р=Рус)-451 _vLBC/SL _2rubbk |
||
| 686 |
_aЩ92(2Р=Рус)-412 _vLBC/SL _2rubbk |
||
| 686 |
_aЩ92(2Р=Рус)-415 _vLBC/SL _2rubbk |
||
| 700 | 1 |
_9z01790 _aБугославский _bС. А. _f1888-1945 _gСергей Алексеевич _4220 _7ca |
|
| 701 | 1 |
_9z02790 _aШишов _bИ. П. _f1888-1947 _gИван Петрович _4220 _7ca |
|
| 790 | 1 |
_9z01700 _aBugoslavskij _bS. A. _f1888-1945 _gSergej Alekseevič _4220 _7ba |
|
| 790 | 1 |
_9z02701 _aŠišov _bI. P. _f1888-1947 _gIvan Petrovič _4220 _7ba |
|
| 801 | 0 |
_aRU _bNLR _c20181119 _gPSBO |
|
| 801 | 1 |
_aRU _bNLR _c20181119 _2rusmarc |
|
| 801 | 2 |
_aRU _bNLR _c20181119 |
|
| 852 |
_aNLR _gМ _j2/235 _m34927 _t1 |
||
| 856 | 0 | _uhttp://vivaldi.nlr.ru/bn000010786/view | |
| 856 | 1 | _uhttp://vivaldi.nlr.ru/bn000010786/cover | |
| 856 | 2 | _uhttp://vivaldi.nlr.ru/bn000010786/text | |
| 942 | _cSCORE | ||
| 980 | _aNB | ||
| 980 | _aONIZ | ||
| 981 | 2 | 4 |
_a(24) Нотные издания и аудиозаписи _b(24) Фольклор |